000 00666nam a2200253Ia 4500
001 50864
005 20240114005205.0
007 ta
008 090612s1953 g b000 u San u
040 _aCotton College,Assam
041 _aSan
082 _a891.2
_bUp 1 D
100 _aUpadhyaya, T. P. .
245 0 _aA Descriptive Catalogue Of sanskrit Manuscripts Vol. I /
_cT. P. Upadhyaya.
_hTextual Documents
250 _a1st ed. /
260 _aSl :
_bSn ,
_c1953.
300 _a86p. ;
_c32 cm..
653 _aBV-Lib. & Info. Sc.
653 _aJournal
653 _aBV-Sanskrit
942 _2ddc
_cBK
999 _c50829
_d50829